NBA 2K23 Top 10 Small Forwards - Statistics

General Stats
  • This quiz has been taken 441 times
  • The average score is 4 of 10
Answer Stats
Rating Player % Correct
96 LeBron James
99%
94 Kawhi Leonard
62%
87 Jaylen Brown
53%
93 Jimmy Butler
51%
89 DeMar DeRozan
39%
86 Khris Middleton
35%
84 Andrew Wiggins
31%
86 Brandon Ingram
27%
83 Mikal Bridges
26%
84 R.J. Barrett
11%
No matching quizzes found
Score Distribution
Percent of People with Each Score
Percentile by Number Answered
Your Score History
You have not taken this quiz